When the Scientist Presents: An Audio and Video Guide to Science Talks (With DVD-ROM) /
Salvato in:
| Autore principale: | |
|---|---|
| Natura: | Libro |
| Lingua: | inglese |
| Pubblicazione: |
[s. l.]:
WSPC,
2009
|
| Edizione: | 1st Edition |
| Soggetti: | |
| Tags: |
Nessun Tag, puoi essere il primo ad aggiungerne!!
|
MARC
| LEADER | 00000nam a22000003a 4500 | ||
|---|---|---|---|
| 001 | 0101476 | ||
| 003 | SK-STU | ||
| 005 | 20231212093708.7 | ||
| 007 | ta | ||
| 008 | 230424s ----xo-----e------000-0-----d | ||
| 020 | |a 9789812839213 | ||
| 040 | |a STU |b slo | ||
| 041 | 0 | |a eng |h eng | |
| 044 | |a xxu | ||
| 100 | 1 | |a Lebrun, Jean-Luc |4 aut |r Z6 | |
| 245 | 1 | 0 | |a When the Scientist Presents: |b An Audio and Video Guide to Science Talks (With DVD-ROM) / |c aut. Jean-Luc Lebrun |
| 250 | |a 1st Edition | ||
| 260 | |a [s. l.]: |b WSPC, |c 2009 | ||
| 300 | |a 264 s. | ||
| 500 | |a E-book | ||
| 650 | 0 | 7 | |a human factor |
| 650 | 0 | 7 | |a scientists |
| 650 | 0 | 7 | |a Scientific Writing Guides Collection |
| 650 | 0 | 7 | |a e-kniha |
| 996 | |c V* 1/EK |l VVT |s A |a 24 |w 0101476_0001 | ||